Leader xxxxxxxxxx
001 __ PCLIS00056401
005 __ 20230425141851.0
010 0_ |a978-986-344-884-6|b平裝|dNT$360
042 __ |anbic
100 __ |a20210422d2021 m y0chiy09 e
101 0_ |achi
102 __ |atw
105 __ |aa z 000cy
200 1_ |a天上有顆孤獨星|e照亮世人獨行時|f張曼娟作
205 __ |a初版
210 __ |a臺北市|c麥田|d2021.03[民110]
215 0_ |a185面|c部分彩圖|d21公分
225 2_ |a張曼娟藏詩卷|v6
300 __ |a
306 __ |a2021年三刷
410 _0 |12001 |a張曼娟藏詩卷|v6
517 1_ |a照亮世人獨行時|zchi
606 __ |2cst|a散文
681 __ |a855|b8786
681 __ |a863.55
700 _1 |a張|b曼娟|4
702 __ |a|b|4
801 _0 |atw|bFCU|c20210422|gCCR
801 _1 |atw|b內湖高中|c20230425|gCCR
801 _2 |atw|b內湖高中|c20230425|gCCR
|